The Minpins / (Record no. 3071)

MARC details
000 -LEADER
fixed length control field 00947nam a2200277 a 4500
005 - DATE AND TIME OF LATEST TRANSACTION
control field 20240202113119.0
020 ## - INTERNATIONAL STANDARD BOOK NUMBER
International Standard Book Number 9780142414743
040 ## - CATALOGING SOURCE
Original cataloging agency OCO
Transcribing agency OCO
Modifying agency InC
-- O
-- DLC
Language of cataloging eng
050 00 - LIBRARY OF CONGRESS CALL NUMBER
Classification number PZ7.D1515
Item number 1991
082 00 - DEWEY DECIMAL CLASSIFICATION NUMBER
Classification number 823.914
100 1# - MAIN ENTRY--PERSONAL NAME
Personal name Dahl, Roald
245 14 - TITLE STATEMENT
Title The Minpins /
Statement of responsibility, etc. Roald Dahl ; illustrated by Patrick Benson.
250 ## - EDITION STATEMENT
Edition statement 1st American ed.
260 ## - PUBLICATION, DISTRIBUTION, ETC.
Place of publication, distribution, etc. New York :
Name of publisher, distributor, etc. Penguin Group ,
Date of publication, distribution, etc. 1991
300 ## - PHYSICAL DESCRIPTION
Extent 47 pages :
Other physical details color illustrations ;
Dimensions 28 cm.
505 ## - FORMATTED CONTENTS NOTE
Formatted contents note X <br/>
520 ## - SUMMARY, ETC.
Summary, etc. Little Billy enters the Forest of Sin and meets the Minpins, matchstick-sized people who live in tree cities besieged by the Smoke-Belching Gruncher whom Billy vows to destroy.
521 ## - TARGET AUDIENCE NOTE
Target audience note 890 <br/>
Source Lexile <br/>
521 ## - TARGET AUDIENCE NOTE
Target audience note X <br/>
Source Raz-Plus <br/><br/>
650 #1 - SUBJECT ADDED ENTRY--TOPICAL TERM
Topical term or geographic name entry element Fantasy.
Form subdivision fiction
650 #1 - SUBJECT ADDED ENTRY--TOPICAL TERM
General subdivision Fiction.
700 1# - ADDED ENTRY--PERSONAL NAME
Personal name Benson, Patrick
Relator term illustrator
906 ## - LOCAL DATA ELEMENT F, LDF (RLIN)
a 7
b cbc
c copycat
d 3
e ocip
f 19
g y-gencatlg
942 ## - ADDED ENTRY ELEMENTS (KOHA)
Source of classification or shelving scheme Dewey Decimal Classification
Koha item type Books
Suppress in OPAC No
999 ## -
-- 3071
-- 3071
Holdings
Withdrawn status Lost status Source of classification or shelving scheme Damaged status Not for loan Collection Home library Current library Shelving location Date acquired Total Checkouts Full call number Barcode Date last seen Copy number Price effective from Koha item type
    Dewey Decimal Classification     Fiction Footprints International School Library Network Toul Tom Poung Campus Footprints International School Library Network Toul Tom Poung Campus TTP Secondary Fiction Bookshelves 02/02/2024   DAH 823.914 PZ7.D1515 FISTK00006 02/02/2024 1 02/02/2024 Books
    Dewey Decimal Classification     Fiction Footprints International School Library Network Toul Tom Poung Campus Footprints International School Library Network Toul Tom Poung Campus TTP Secondary Fiction Bookshelves 11/11/2025   DAH 823.914 PZ7.D1515 FIS03622 11/11/2025 2 11/11/2025 Books